000 00750nam a22002657a 4500
999 _c10471
_d10471
001 10471
003 BD-JhCC
005 20180430111543.0
008 180430b1960 a ||||| |||| 00| 0 eng d
035 _a(BD-JhCC)10471
040 _aBD-JhCC
_dBD-JhCC
041 _aeng
082 _a822.33
_bCAR 1960
100 _a Carey, G. K. (Gary K.)
245 _aRomeo and Juliet /
_c Carey, G. K. (Gary K.)
250 _a28
260 _aLincoln :
_b Neb. : Cliffs Notes,
_c1960.
300 _a59 p. :
_c22 cm.
650 _aRomeo and Juliet (Shakespeare, William)
650 _aShakespeare, William, 1564-1616
650 _aEnglish drama (Tragedy)
650 _aEnglish drama--Early modern and Elizabethan
942 _2ddc
_cREF